000 00410pab a2200157 454500
008 180718b2013 xxu||||| |||| 00| 0 eng d
100 _aShah, Tushaar et al
245 _aAncient small - tank irrigation in Sri Lanka - Continuity and change
260 _c2013
300 _ap.58-65.
362 _a16 Mar
650 _aIrrigation
773 _aEconomic and Political Weekly
908 _aN
909 _a98553
999 _c98552
_d98552